000253588 001__ 253588
000253588 005__ 20240928175053.0
000253588 0247_ $$aG:(GEPRIS)283296766$$d283296766
000253588 035__ $$aG:(GEPRIS)283296766
000253588 040__ $$aGEPRIS$$chttp://gepris.its.kfa-juelich.de
000253588 150__ $$aSelektive Autophagie von Mitochondrien und Peroxisomen bei der organismischen Alterung und Entwicklung (D07 (B03))$$y2016 - 2023
000253588 371__ $$aProfessor Dr. Stefan Eimer
000253588 371__ $$aProfessor Dr. Heinz Dieter Osiewacz
000253588 450__ $$aDFG project G:(GEPRIS)283296766$$wd$$y2016 - 2023
000253588 5101_ $$0I:(DE-588b)2007744-0$$aDeutsche Forschungsgemeinschaft$$bDFG
000253588 550__ $$0G:(GEPRIS)259130777$$aSFB 1177: Molekulare und funktionale Charakterisierung der selektiven Autophagie$$wt
000253588 680__ $$aIn diesem Projekt verwenden wir die etablierten Modellorganismen Podospora anserina und Caenorabditis elegans, um die Rolle von Mitophagie und Pexophagie im organismischen Altern und bei Entwicklungsprozessen zu untersuchen. Hierbei konzentrieren wir uns insbesondere auf Faktoren, die an der Regulation von Membrantransport und -dynamik beteiligt sind, wie Sortierungs-Nexine, die Rab GTPase Rab7L1/GLO-1, sowie die Dynamin-ähnliche GTPase DNM1/DRP-1, und untersuchen ihre Bedeutung für diese beiden Formen selektiver Autophagie.
000253588 909CO $$ooai:juser.fz-juelich.de:920190$$pauthority$$pauthority:GRANT
000253588 909CO $$ooai:juser.fz-juelich.de:920190
000253588 980__ $$aG
000253588 980__ $$aAUTHORITY